| 000 | 00822cam a2200289 4500500 | ||
|---|---|---|---|
| 005 | 20260405003836.0 | ||
| 041 | _afre | ||
| 042 | _adc | ||
| 100 | 1 | 0 |
_aEltchaninoff, Michel _eauthor |
| 245 | 0 | 0 | _aGaza, Ukraine : deux poids, deux mesures ? La chronique de Michel Eltchaninoff |
| 260 | _c2024. | ||
| 500 | _a14 | ||
| 690 | _aAide | ||
| 690 | _aAristote | ||
| 690 | _aCarl Schmitt | ||
| 690 | _aGaza | ||
| 690 | _aGuerre | ||
| 690 | _aHumanitaire | ||
| 690 | _aIsraël | ||
| 690 | _aMichel Eltchaninoff | ||
| 690 | _aOccident | ||
| 690 | _aRussie | ||
| 690 | _aSchopenhauer | ||
| 690 | _aUkraine | ||
| 786 | 0 | _nPhilosophie magazine | 179 | 5 | 2024-05-01 | p. 16-16 | 1951-1787 | |
| 856 | 4 | 1 | _uhttps://shs.cairn.info/magazine-philosophie-magazine-2024-5-page-16?lang=fr&redirect-ssocas=7080 |
| 999 |
_c2071334 _d2071334 |
||